000 00274nam a22001217a 4500
003 SGT
082 _a823
_bLEW
100 _aLEWIS C.S
245 _aTHE CHRONICLES OF NARNIA
_bTHE HORSE AND HIS BOY
260 _aU.K
_bHARPER PUB
_c2009
300 _a239
942 _2ddc
_cBK
999 _c33671
_d33671